Statistiques concernant The Weeknd - Toutes les musiques

Cliquez ici pour prendre le quiz!

Statistiques générales

  • Ce quiz a été pris 526 fois
  • Le résultat moyen est 46 sur 153

Statistiques - réponses

HintRéponse% Correct
StarboyStarboy
91%
After Hours
76%
The Hills
76%
Blinding Lights
75%
Save Your Tears
72%
Die for You
70%
My Dear MelancholyCall Out My Name
69%
I Feel It Coming
62%
House of Balloons
61%
The IdolPopular
61%
Heartless
60%
Often
60%
Party Monster
59%
Reminder
58%
Kiss Land
56%
Can't Feel My Face
55%
Earned It
55%
Sacrifice
54%
Is There Someone Else ?
53%
Stargirl Interlude
52%
Dawn FMDawn FM
51%
Out of Time
51%
Take My Breath
51%
I Was Never There
50%
In Your Eyes
49%
One Of The Girls
49%
The Morning
47%
Less Than Zero
46%
Gasoline
45%
Wicked Games
45%
False Alarm
44%
In The Night
44%
Faith
43%
After HoursAlone Again
41%
Creepin'
41%
How Do I Make You Love Me
39%
Secrets
39%
Sidewalks
39%
Thursday
39%
Best Friends
38%
Escape from LA
38%
House of BalloonsHigh for This
38%
Hurt You
38%
Montreal
38%
Angel
37%
Too Late
37%
Try Me
37%
Lost in the Fire
36%
True Colors
36%
Snowchild
35%
Acquainted
34%
Coming Down
34%
Rockin'
34%
A Lonely Night
33%
Echoes of Silence
33%
Hardest to Love
33%
Shameless
33%
The Party & The After Party
32%
Scared to Live
31%
Tears in the Rain
31%
Love Me Harder
30%
Six Feet Under
30%
Wasted Times
30%
What You Need
30%
As You Are
29%
Echoes of SilenceD.D
29%
Prisoner
29%
Privilege
29%
Starry Eyes
29%
Double Fantasy
28%
Or Nah
28%
The Birds, Pt. 2
28%
Until I Bleed Out
28%
All I Know
27%
I Heard You're Married
27%
Love to Lay
27%
Nothing Without You
27%
Beauty Behind the MadnessReal Life
27%
Twenty Eight
27%
XO/The Wost
27%
Attention
26%
Don't Break My Heart
26%
Fill The Void
26%
Ordinary Life
26%
Repeat After Me
26%
The Birds, Pt. 1
26%
The Knowing
26%
Wanderlust
26%
Here We Go ... Again
25%
Losers
25%
The Town
25%
Dark Times
24%
Hurricane
24%
Kiss LandProfessional
24%
Valerie
24%
Adaptation
23%
Crew Love
23%
Loft Music
23%
The Zone
23%
A Tale by Quincy
22%
Live For
22%
Next
22%
K-POP
21%
Low Life
21%
Nothing Compares
21%
Pretty
21%
Rolling Stone
21%
Belong to the World
20%
Every Angel Is Terrifying
20%
ThursdayLonely Star
20%
Love in the Sky
20%
The Fall
20%
Missed You
19%
Phantom Regret by Jim
19%
Gone
18%
Odd Look
18%
A Lesser Man
17%
Final Lullaby
17%
Heaven or Las Vegas
17%
Life of the Party
17%
Outside
17%
Take Me Back
17%
LA FAMA
16%
Same Old Song
16%
Till Dawn
16%
You Right
16%
Initiation
15%
Lust for Life
15%
Circus Maximus
14%
False Idols
13%
Jealous Guy
13%
Power is Power
13%
Dollhouse
12%
Like A God
11%
Nothing Is Lost
11%
Family
10%
Off the table
8%
Skeletons
8%
The Lure
7%
Better Believe
6%
Wake Up
6%
Feat (ordre alphabétique)6 Inch
5%
Pray for Love
5%
Christmas Blues
4%
Hawaii
4%
Might Not
4%
Telle Your Friends
4%
Elastic Heart
3%
Nomads
2%
Pullin Up
2%
Thought I Knew You
2%
Sexodus
1%

Distribution des résultats

Percentile par nombre de réponses

% des personnes avec chaque résultat

Votre développement - résultats

Vous n’avez pas pris ce quiz